000 00471nam a22001577a 4500
008 160229b xxu||||| |||| 00| 0 eng d
082 _a708
_bC238f
100 _aCapelán, Carlos
_94826
245 _aCapelán "fecit"
246 _afecit
260 _aSan José :
_bGalería Jacob Karpio,
_c1999
300 _a57 p. ;
_bill. (col.) ;
_c28 cm.
600 _aCapelán, Carlos;
_b1948-
_xExhibiciones
_94554
650 _aInstalaciones
_xArte
_94827
650 _aArte Moderno
_9145
999 _c878
_d878